ნორმალური ფორმატი
MARC ფორმატი
ჩანაწერი Personal Name
ჩანაწერთა რაოდენობა, რომელიც გამოყენებულია: 3
001 - CONTROL NUMBER
- control field: 5653
003 - CONTROL NUMBER IDENTIFIER
- control field: GE_BSU
005 - DATE AND TIME OF LATEST TRANSACTION
- control field: 20191202120511.0
008 - FIXED-LENGTH DATA ELEMENTS
- fixed length control field: 191202|| aca||aabn | a|a d
040 ## - CATALOGING SOURCE
- Original cataloging agency: GE_BSU
- Transcribing agency: GE_BSU
100 ## - HEADING--PERSONAL NAME
- Personal name: ჯანაშვილი, ი.
- Relator term: მხატვარი
670 ## - SOURCE DATA FOUND
- Source citation: Work cat.: (GE_BSU)39576: გაფრინდაშვილი, ვალერიან. 5651, რჩეული :
